[Event "Leverkusen-ch op 14th"]
[Site "Leverkusen"]
[Date "2002.03.11"]
[Round "5"]
[White "Puetzkaul, Karl"]
[Black "Maruschkin, Lev"]
[Result "1/2-1/2"]
[WhiteElo "1815"]
[BlackElo "1582"]
[PlyCount "53"]
[EventDate "2002.01.14"]
[EventType "swiss"]
[EventRounds "9"]
[EventCountry "GER"]
[SourceTitle "EXT 2004"]
[Source "ChessBase"]
[SourceDate "2003.11.25"]
[SourceVersion "1"]
[SourceVersionDate "2003.11.25"]
[SourceQuality "1"]

1. e4 e6 2. d4 d5 3. Nc3 Bb4 4. e5 Qd7 5. Bd2 b6 6. f4 Ba6 7. Bxa6 Nxa6 8. Qe2 Nb8 9. a3 Bf8 10. Nf3 Ne7 11. 0-0 h5 12. Nd1 c5 13. Ne3 Nbc6 14. c3 Rc8 15. Rad1 c4 16. Nh4 g6 17. Qf2 Kd8 18. h3 Nf5 19. Nf3 h4 20. Nxf5 gxf5 21. Nxh4 Kc7 22. Nf3 Be7 23. Ng5 Bxg5 24. fxg5 Ne7 25. h4 Ng6 26. g3 Rh7 27. Kg2 1/2-1/2